Statystyki dla Wszystkie gminy w Kujawsko-Pomorskim

Kliknij tutaj aby rozwiązać quiz!

Ogólne statystyki

  • Ten quiz został rozwiązany 229 razy
  • Średni wynik to 47 z 142

Statystyki odpowiedzi

PowiatTyp GminyGmina% Poprawnych
miasto na prawach powiatuBydgoszcz
87%
Toruń
86%
Włocławek
80%
Grudziądz
77%
żnińskimiejsko-wiejskaŻnin
77%
inowrocławskimiejska | wiejskaInowrocław
76%
chełmińskimiejskaChełmno
74%
brodnickimiejska | wiejskaBrodnica
73%
aleksandrowskimiejsko-wiejska | wiejskaAleksandrów Kujawski
72%
lipnowskimiejska | wiejskaLipno
70%
rypińskimiejska | wiejskaRypin
70%
świeckimiejsko-wiejskaŚwiecie
70%
nakielskimiejsko-wiejskaNakło nad Notecią
67%
tucholskimiejsko-wiejskaTuchola
67%
wiejskaGolub-Dobrzyń
66%
golubsko-dobrzyńskimiejskaGolub- Dobrzyń
66%
mogileńskimiejsko-wiejskaMogilno
66%
radziejowskimiejska | wiejskaRadziejów
66%
wąbrzeskimiejskaWąbrzeźno
62%
wiejskaCiechocin
56%
wiejskaOsie
55%
sępoleńskimiejsko-wiejskaSępólno Krajeńskie
55%
toruńskimiejska | wiejskaChełmża
54%
miejsko-wiejskaCiechocinek
53%
bydgoskimiejskaSolec Kujawski
51%
miejsko-wiejskaKruszwica
50%
włocławskimiejska | wiejskaKowal
47%
miejsko-wiejskaKoronowo
46%
miejsko-wiejskaSzubin
42%
miejsko-wiejskaBarcin
40%
wiejskaBiałe Błota
40%
miejsko-wiejskaKowalewo Pomorskie
40%
miejsko-wiejskaGniewkowo
39%
miejsko-wiejskaJabłonowo Pomorskie
38%
wiejskaNowa Wieś Wielka
38%
miejsko-wiejskaStrzelno
38%
miejsko-wiejskaPakość
37%
wiejskaUnisław
37%
wiejskaDąbrowa
36%
miejsko-wiejskaNowe
36%
wiejskaLubicz
35%
miejsko-wiejskaBrześć Kujawski
34%
miejsko-wiejskaJanikowo
34%
miejsko-wiejskaKamień Krajeński
34%
wiejskaOsielsko
34%
miejsko-wiejskaKcynia
32%
miejsko-wiejskaMrocza
32%
miejsko-wiejskaŁabiszyn
31%
wiejskaZławieś Wielka
31%
wiejskaPruszcz
30%
wiejskaZłotniki Kujawskie
30%
wiejskaDąbrowa Chełmińska
29%
wiejskaDobrcz
29%
miejsko-wiejskaDobrzyń nad Wisłą
29%
miejsko-wiejskaWięcbork
29%
miejsko-wiejskaNieszawa
27%
wiejskaOsiek
27%
miejsko-wiejskaPiotrków Kujawski
26%
wiejskaWarlubie
26%
wiejskaWielka Nieszawka
26%
miejsko-wiejskaChodecz
25%
miejsko-wiejskaIzbica Kujawska
25%
grudziądzkimiejsko-wiejskaŁasin
25%
wiejskaŁysomice
25%
wiejskaCzernikowo
24%
miejsko-wiejskaGórzno
24%
wiejskaRogowo
24%
wiejskaObrowo
23%
miejsko-wiejskaJanowiec Wielkopolski
22%
miejsko-wiejskaRadzyń Chełmiński
22%
miejsko-wiejskaSkępe
22%
wiejskaLisewo
21%
miejsko-wiejskaLubień Kujawski
21%
wiejskaŁubianka
20%
wiejskaStolno
20%
wiejskaGąsawa
19%
wiejskaJeziora Wielkie
19%
wiejskaDąbrowa Biskupia
18%
wiejskaKoneck
18%
wiejskaKsiążki
18%
miejsko-wiejskaLubraniec
18%
wiejskaPapowo Biskupie
18%
wiejskaRojewo
16%
wiejskaSośno
16%
wiejskaWaganiec
16%
wiejskaZbiczno
16%
wiejskaCekcyn
15%
wiejskaFabianki
15%
wiejskaGostycyn
15%
wiejskaJeżewo
15%
wiejskaKikół
15%
wiejskaRaciążek
15%
wiejskaŚwiekatowo
15%
wiejskaDobre
14%
wiejskaDragacz
14%
wiejskaGruta
14%
wiejskaKijewo Królewskie
14%
wiejskaLniano
14%
wiejskaOsięciny
14%
wiejskaRyńsk
14%
wiejskaSadki
14%
wiejskaSkrwilno
14%
wiejskaŚwiecie nad Osą
14%
wiejskaŚwiedziebnia
14%
wiejskaWielgie
14%
wiejskaZakrzewo
14%
wiejskaZbójno
14%
wiejskaBobrowo
13%
wiejskaBukowiec
13%
wiejskaŚliwice
13%
wiejskaTłuchowo
13%
wiejskaBobrowniki
12%
wiejskaChoceń
12%
wiejskaDrzycim
12%
wiejskaLubanie
12%
wiejskaPłużnica
12%
wiejskaRogóźno
12%
wiejskaWąpielsk
11%
wiejskaBądkowo
10%
wiejskaBaruchowo
10%
wiejskaBrzozie
10%
wiejskaBrzuze
10%
wiejskaBytoń
10%
wiejskaKęsowo
10%
wiejskaLubiewo
10%
wiejskaRadomin
10%
wiejskaTopólka
10%
wiejskaBartniczka
9%
wiejskaDębowa Łąka
9%
wiejskaBoniewo
8%
wiejskaChrostkowo
7%

Rozkład punktacji

Percentyl według liczby udzielonych odpowiedzi

Procent ludzi z każdym wynikiem

Twoja historia wyników

Nie rozwiązałeś tego quizu